000 00635nam a2200241Ia 4500
003 OSt
005 20221006144735.0
006 a|||||r|||| 00| 0
007 ta
008 221006b |||||||| |||| 00| 0 eng d
020 _c
_2.00
024 _a12,562
037 _cTextual
040 _aEASL
_cEASL
_beng
041 _2eng
_aeng
082 _aV41:10bC9B2.N64, K5
100 _aLIH Kun-Hon
_9652735
245 0 _aNuclear blackmail of communist China
260 _aChina
_bA.P.C.L
_c1965
300 _a46p.
_ccm.
942 _hV41:10bC9B2.N64, K5
_cTEXL
_2CC
999 _c1080648
_d1080648